000 00508nam a2200181Ia 4500
001 12768
005 20260306163005.0
008 260306t2004||||xx |||||||||||||| ||spa||
041 _aESP
082 _aRD 230.3
_bD44
100 _aDeferrari, Roy J.
_eAUT
245 2 _aA lexicon of Saint Thomas Aquinas:
_bbased on the Summa Theologica and selected passages of his other works
260 _c2004
300 _ax, 1185 páginas :
_c29 cm.
650 _aGEN
654 _aCHU
942 _cLIB
_dJUS
_fJUS
_2ddc
_n
999 _c12768
_d12768